000 00353nam a2200145Ia 4500
008 230711s9999||||xx |||||||||||||| ||und||
041 _aENG
082 _a800
_bBH-K
100 _aBhattacharjea,Ajit
245 0 _aKashmir: the wounded valley
250 _a1st Ed.
260 _c1993
_aNew Delhi
_bPradeep publishers
650 _aLiterature
942 _cBK
999 _c3003
_d3003